| 000 | 00904cad a22002055a 4500 | ||
|---|---|---|---|
| 001 | L156222 | ||
| 008 | 120508e2012 xxk 000 0 eng d | ||
| 035 | _a(Sirsi) u156222 | ||
| 041 | 0 | _aeng | |
| 100 | 1 | _aMcCarvill, PHil | |
| 245 | 0 | 0 |
_aAffordable capital _bHousing in London _h[electronic resource] |
| 260 |
_aLondon _bInstitute for Public Policy Research _c2012 |
||
| 520 | _aConsiders costs and affordability issues associated with purchasing and renting in London including social and private rented sectors. Highlights the importance of increasing supply of new and affordable homes in the capital. | ||
| 590 | _aKA NTK | ||
| 651 | 4 | _aLONDON | |
| 700 | 1 | _aGaffney, Declan | |
| 700 | 1 | _aGriffith, Matt | |
| 856 | 4 | 0 |
_uhttps://www.ippr.org/images/media/files/publication/2012/05/affordable-capital-housing-london_May2012_9064.pdf _zView the item free of charge from the www.ippr.org |
| 942 | _n0 | ||
| 999 |
_c83971 _d83971 |
||